In space (How things work)
Sparad:
| Materialtyp: | Bok |
|---|---|
| Språk: | Undetermined |
| Publicerad: |
Alexandria, Virginia
Time-Life Books
1991
|
| Ämnen: | |
| Taggar: |
Lägg till en tagg
Inga taggar, Lägg till första taggen!
|
| Thư viện lưu trữ: | Trung tâm Học liệu Trường Đại học Cần Thơ |
|---|
| LEADER | 00483nam a2200169Ia 4500 | ||
|---|---|---|---|
| 001 | CTU_17944 | ||
| 008 | 210402s9999 xx 000 0 und d | ||
| 020 | |b Harvard-Yenching Institute | ||
| 082 | |a 629.4 | ||
| 082 | |b I.35 | ||
| 245 | 0 | |a In space (How things work) | |
| 260 | |a Alexandria, Virginia | ||
| 260 | |b Time-Life Books | ||
| 260 | |c 1991 | ||
| 650 | |a astronautics - popular works,space | ||
| 904 | |i Minh, 970813 | ||
| 980 | |a Trung tâm Học liệu Trường Đại học Cần Thơ | ||